Statistics for Atalanta - Paris Saint-Germain Champions League 2019-20

Click here to take the quiz!

General Stats

  • This quiz has been taken 99 times
  • The average score is 19 of 34

Answer Stats

Player% Correct
Kylian Mbappé
95%
Neymar
93%
Keylor Navas
86%
Marquinhos ¹
85%
Thiago Silva
83%
Mauro Icardi
79%
Presnel Kimpembe
77%
Juan Bernat
73%
Duván Zapata
72%
Thomas Tuchel
68%
Marten de Roon
63%
Eric Maxim Choupo-Moting ¹
62%
Mario Pašalić ¹
59%
Leandro Paredes
55%
Thilo Kehrer
55%
Alejandro Gómez
54%
Idrissa Gueye
54%
Rafael Tolói
54%
Robin Gosens
54%
Hans Hateboer
53%
Luis Muriel
53%
Pablo Sarabia
53%
Julian Draxler
49%
Ander Herrera
46%
Berat Djimsiti
46%
Remo Freuler
42%
Gian Piero Gasperini
40%
José Luis Palomino
39%
Marco Sportiello
39%
Ruslan Malinovskyi
22%
Timothy Castagne
20%
Mattia Caldara
18%
Sergio Rico
17%
Jacopo Da Riva
7%

Score Distribution

Percentile by Number Answered

Percent of People with Each Score

Your Score History

You have not taken this quiz